Peněžní družstevnictví a jakost lze na družstevní záložny aplikovat metody řízení jakosti?

Aplikácia systému akosti v družstevnej záložni. Základné úlohy záložne. Normy riadenia akosti ISO 9000. Norma ISO 9001 zahŕňa aj riadenie návrhu produktu. Hlavné princípy implementácie systému akosti.

Na minha lista:
Detalhes bibliográficos
Autor principal: Šnajdr, Ivo
Formato: Capítulo de Livro
Idioma:tcheco
Assuntos:
Tags: Adicionar Tag
Sem tags, seja o primeiro a adicionar uma tag!

MARC

LEADER 00000naa a2200000 4500
001 r037726
005 20231003114033.6
041 0 |a cze 
044 |a CZ 
245 1 0 |a Peněžní družstevnictví a jakost  |b lze na družstevní záložny aplikovat metody řízení jakosti?  |c Ivo Šnajdr 
520 |a Aplikácia systému akosti v družstevnej záložni. Základné úlohy záložne. Normy riadenia akosti ISO 9000. Norma ISO 9001 zahŕňa aj riadenie návrhu produktu. Hlavné princípy implementácie systému akosti. 
610 2 0 |a družstvá 
610 2 0 |a záložne 
610 2 0 |a sporiteľne 
610 2 0 |a riadenie kvality 
610 2 0 |a systém riadenia kvality 
610 2 0 |a normy ISO 
610 2 0 |a certifikácia 
610 2 0 |a ISO 9001 
100 1 |a Šnajdr, Ivo